01543nab a22002897a 4500999001500000003000400015005001700019008004100036040000700077100002700084245016700111260007200278300001300350500005000363505038200413505009000795650002600885650003000911650001900941650003800960650002900998650001801027650003401045650002201079773013901101942001301240 c5995d5995OSt20260115191242.0190605e xxu||||| |||| 00| 0 spa d cPJ 96373aForconi, Ignacio13aEl derecho a la desconexión laboral. Una respuesta jurídica y organizacional a los desafíos de la hiperconectividad - Por Ignacio Forconi cIgnacio Forconi. aCiudad Autónoma de Buenos Aires :bThomson Reuters La Ley,c2025. ap. 30-41 aCita Online: Cita: TR LALEY AR/DOC/346/2025. aSumario: I. Introducción.— II. El derecho a la desconexión: contexto y necesidad.— III. Fundamentos jurídicos y marco normativo.— IV. Impacto del derecho a la desconexión en las organizaciones.— V. Desafíos en la implementación del derecho a la desconexión.— VI. Jurisprudencia relevante.—VIII. Conclusiones.— IX. Síntesis.— X. Bibliografía.  t¿Te interesa el texto completo? Solicitalo al correo: koha@justierradelfuego.gov.ar  091316aDERECHO LABORAL 091323aCONTRATO DE TRABAJO 095233aPANDEMIA 09289aTECNOLOGIA DE LA INFORMACION 09273aDERECHO INFORMATICO 09281aINTERNET 095817aINTELIGENCIA ARTIFICIAL 094439aTELETRABAJO0 0271193168dCiudad Autónoma de Buenos Aires : Thomson Reuters La Ley, 1999-2002.tRevista de derecho del trabajo. Nº 2 - Marzo 2025 2udccANA